Les athlètes français médaillés aux JO d'hiver- Milan Cortina 2026 - Statistiques

Statistiques générales
  • Ce quiz a été pris 40 fois
  • Le résultat moyen est 31 sur 36
Statistiques - réponses
Sport Épreuve Athlète % Correct
Biathlon Relais mixte Eric Perrot
100%
Biathlon Relais masculin Eric Perrot
100%
Biathlon Individuel hommes Eric Perrot
100%
Biathlon Relais mixte Julia Simon
100%
Biathlon Individuel femmes Julia Simon
100%
Biathlon Relais féminin Julia Simon
100%
Biathlon Mass start femmes Julia Simon
100%
Biathlon Relais féminin Océane Michelon
100%
Biathlon Mass start femmes Océane Michelon
100%
Biathlon Sprint femmes Océane Michelon
100%
Biathlon Relais masculin Émilien Jacquelin
97%
Biathlon Poursuite hommes Émilien Jacquelin
97%
Biathlon Relais mixte Lou Jeanmonnot
97%
Biathlon Relais féminin Lou Jeanmonnot
97%
Biathlon Individuel femmes Lou Jeanmonnot
97%
Biathlon Sprint femmes Lou Jeanmonnot
97%
Biathlon Relais mixte Quentin Fillon Maillet
97%
Biathlon Relais masculin Quentin Fillon Maillet
97%
Biathlon Mass start hommes Quentin Fillon Maillet
97%
Biathlon Relais masculin Fabien Claude
94%
Biathlon Relais féminin Camille Bened
92%
Ski de fond Skiathlon hommes Mathis Desloges
92%
Ski de fond 10km hommes Mathis Desloges
92%
Ski de fond Relais masculin Mathis Desloges
92%
Patinage artistique Danse sur glace Laurence Fournier Beaudry / Guillaume Cizeron
81%
Ski acrobatique Bosses femmes Perrine Laffont
81%
Ski alpinisme Relais mixte Emily Harrop
67%
Ski alpinisme Sprint femmes Emily Harrop
67%
Ski alpinisme Relais mixte Thibault Anselmet
64%
Ski alpinisme Sprint hommes Thibault Anselmet
64%
Ski de fond Relais masculin Hugo Lapalus
58%
Ski alpin Super G femmes Romane Miradoli
58%
Snowboard Cross en équipe mixte Léa Casta
53%
Ski de fond Relais masculin Théo Schely
50%
Snowboard Cross en équipe mixte Loan Bozzolo
44%
Ski de fond Relais masculin Victor Lovera
42%
Aucun quiz correspondant
Distribution des résultats
% des personnes avec chaque résultat
Percentile par nombre de réponses
Votre historique - résultats
Vous n’avez pas pris ce quiz